000 00391nam a2200157Ia 4500
008 230711s9999||||xx |||||||||||||| ||und||
041 _aENG
082 _a720
_bKA-W
100 _aKasprisin,Ronald J
245 0 _aWatercolour in architectural design
250 _a1st . Ed.
260 _c1989
_aNew York
_bVan Nostrand Reinhold Co.
300 _a268
650 _aArchitecture
942 _cBK
999 _c2829
_d2829